Logo

Description automatically generated
विद्यार्जन
 संसाधन केंद्र, भारतीय प्रौद्योगिकी संस्थान इन्दौर
Learning Resource Center, Indian Institute of Technology Indore

ऑनलाइन सार्वजनिक अभिगम प्रसूची
Online Public Access Catalogue (OPAC)

Rivers lost, rivers regained : rethinking city-river relations (Record no. 40451)

MARC details
000 -LEADER
fixed length control field 00668nam a22002297a 4500
005 - DATE AND TIME OF LATEST TRANSACTION
control field 20181016105946.0
008 - FIXED-LENGTH DATA ELEMENTS--GENERAL INFORMATION
fixed length control field 181015b xxu||||| |||| 00| 0 eng d
020 ## - INTERNATIONAL STANDARD BOOK NUMBER
International Standard Book Number 9780822944591
Qualifying information hb
020 ## - INTERNATIONAL STANDARD BOOK NUMBER
International Standard Book Number 0822944596
082 ## - DEWEY DECIMAL CLASSIFICATION NUMBER
Classification number 333.9182091732
Item number KNO
245 ## - TITLE STATEMENT
Title Rivers lost, rivers regained : rethinking city-river relations
260 ## - PUBLICATION, DISTRIBUTION, ETC.
Place of publication, distribution, etc. Pittsburgh
Name of publisher, distributor, etc. University of Pittsburgh Press
Date of publication, distribution, etc. 2017
300 ## - PHYSICAL DESCRIPTION
Extent ix, 413p. ; 23 cm.
653 ## - INDEX TERM--UNCONTROLLED
Uncontrolled term Economics
653 ## - INDEX TERM--UNCONTROLLED
Uncontrolled term Rivers--Regulation
653 ## - INDEX TERM--UNCONTROLLED
Uncontrolled term Stream restoration
653 ## - INDEX TERM--UNCONTROLLED
Uncontrolled term Waterways
700 ## - ADDED ENTRY--PERSONAL NAME
Personal name Knoll, Martin
Relator term ed.
700 ## - ADDED ENTRY--PERSONAL NAME
Personal name Lubken, Uwe
Relator term ed.
700 ## - ADDED ENTRY--PERSONAL NAME
Personal name Schott, Dieter
Relator term ed.
942 ## - ADDED ENTRY ELEMENTS (KOHA)
Source of classification or shelving scheme Dewey Decimal Classification
Koha item type Book
Holdings
Withdrawn status Lost status Source of classification or shelving scheme Damaged status Not for loan Home library Current library Shelving location Date acquired Source of acquisition Total Checkouts Total Renewals Full call number Barcode Date last seen Date last checked out Price effective from Koha item type
    Dewey Decimal Classification     LRC, IIT Indore LRC, IIT Indore 3rd Floor - General Stack 15/10/2018 PO No. : PO_612; Vendor : Better Book Service, Delhi; Bill No. :BBS/110, dt.14.09.2018; Price : USD 45.95 2 1 333.9182091732 KNO 33113 20/02/2026 22/12/2025 20/10/2015 Book
Copyright © 2024, 2021, 2017 Indian Institute of Technology Indore. All Rights Reserved.
Managed & maintained by Learning Resource Center, IIT Indore